000 00361nam a2200133Ia 4500
008 220217s9999||||xx |||||||||||||| ||und||
020 _a81-7029-845-8
082 _a005.13 WOD
100 _aWodtke, Shirley
_92866
245 0 _aLearn the MFC C++ classes
260 _aBPB publications
_bNew Delhi
_c1997
300 _b240
650 _aPROGRAMMING LANGUAGE
999 _c170171
_d170171